000 00573cam a2200193 4500500
005 20260405002139.0
041 _afre
042 _adc
100 1 0 _ade Oliveira, Victorine
_eauthor
245 0 0 _aUne fulgurance maladroite
260 _c2016.
500 _a85
690 _aFragments
690 _aHannah Arendt
690 _aHistoire
690 _aWalter Benjamin
786 0 _nPhilosophie magazine | 97 | 3 | 2016-03-01 | p. 42-43 | 1951-1787
856 4 1 _uhttps://shs.cairn.info/magazine-philosophie-magazine-2016-3-page-42?lang=fr&redirect-ssocas=7080
999 _c2054759
_d2054759